书目信息 |
| 题名: |
发酵过程解析、控制与检测技术
|
|
| 作者: | 史仲平 , 潘丰 编著 | |
| 分册: | ||
| 出版信息: | 北京 化学工业出版社 2010.02 |
|
| 页数: | 243页 | |
| 开本: | 26cm | |
| 丛书名: | 现代发酵工程丛书 | |
| 单 册: | ||
| 中图分类: | Q81 | |
| 科图分类: | ||
| 主题词: | 发酵工程 | |
| 电子资源: | ||
| ISBN: | 978-7-122-07121-7 | |
| 000 | 01492nam 2200277 450 | |
| 001 | 0011285928 | |
| 005 | 20100508162225.62 | |
| 010 | @a978-7-122-07121-7@dCNY68.00 | |
| 100 | @a20100515d2010 em y0chiy0110 ea | |
| 101 | 0 | @achi |
| 102 | @aCN@b110000 | |
| 105 | @aa z 000yy | |
| 200 | 1 | @a发酵过程解析、控制与检测技术@Afa jiao guo cheng jie xi、kong zhi yu jian ce ji shu@f史仲平,潘丰编著 |
| 205 | @a第2版 | |
| 210 | @a北京@c化学工业出版社@d2010.02 | |
| 215 | @a243页@c图@d26cm | |
| 225 | 2 | @a现代发酵工程丛书 |
| 330 | @a作为发酵工业中游技术核心的发酵过程控制和优化技术,既关系到能否发挥菌种的最大生产能力,又会影响到下游处理的难易程度,在整个发酵过程中是一项承上启下的关键技术。本书作者多年来一直从事发酵过程的在线检测、解析、控制和优化等方面的研究,在借鉴国外的有关最新研究成果和作者自身完成的研究实例的基础上,博采众家之长,写成此书。全书结合具体的发酵过程实例,分别对发酵过程的解析、控制和优化,特别是在线检测、在线状态预测和模式识别,以及在线控制和最优化控制的技术及方法进行了比较系统详细的介绍,并引入了模糊逻辑推理、人工神经网络模型、代谢网络模型等新型的控制、优化、状态预测以及模式识别等方法和技术。 | |
| 333 | @a本书适合于从事发酵工程、生物工程、生物化工、化学工程等相关专业领域研究的科研人员、教师和工程师使用,也可供大专院校相关专业的高年级本科生和研究生参考。 | |
| 410 | 0 | @12001 @a现代发酵工程丛书 |
| 606 | 0 | @a发酵工程 |
| 690 | @aQ81@v4 | |
| 701 | 0 | @a史仲平@Ashi zhong ping@4编著 |
| 701 | 0 | @a潘丰@Apan feng@4编著 |
| 801 | 0 | @aCN@c20100515 |
| 905 | @dQ81@eS590=2@f3 | |
| 发酵过程解析、控制与检测技术/史仲平,潘丰编著.-第2版.-北京:化学工业出版社,2010.02 |
| 243页:图;26cm.-(现代发酵工程丛书) |
| 使用对象:本书适合于从事发酵工程、生物工程、生物化工、化学工程等相关专业领域研究的科研人员、教师和工程师使用,也可供大专院校相关专业的高年级本科生和研究生参考。 |
| ISBN 978-7-122-07121-7:CNY68.00 |
| 作为发酵工业中游技术核心的发酵过程控制和优化技术,既关系到能否发挥菌种的最大生产能力,又会影响到下游处理的难易程度,在整个发酵过程中是一项承上启下的关键技术。本书作者多年来一直从事发酵过程的在线检测、解析、控制和优化等方面的研究,在借鉴国外的有关最新研究成果和作者自身完成的研究实例的基础上,博采众家之长,写成此书。全书结合具体的发酵过程实例,分别对发酵过程的解析、控制和优化,特别是在线检测、在线状态预测和模式识别,以及在线控制和最优化控制的技术及方法进行了比较系统详细的介绍,并引入了模糊逻辑推理、人工神经网络模型、代谢网络模型等新型的控制、优化、状态预测以及模式识别等方法和技术。 |
| ● |
| 相关链接 |
|
|
|
正题名:发酵过程解析、控制与检测技术
索取号:Q81/S590=2
 
预约/预借
| 序号 | 登录号 | 条形码 | 馆藏地/架位号 | 状态 | 备注 |
| 1 | 981361 | 209813610 | 自科库401/401自科库 32排1列2层/ [索取号:Q81/S590=2] | 在馆 | |
| 2 | 981362 | 209813629 | 自科库401/401自科库 32排1列2层/ [索取号:Q81/S590=2] | 在馆 | |
| 3 | 981363 | 209813638 | 自科库401/401自科库 32排1列2层/ [索取号:Q81/S590=2] | 在馆 |